000 00990cab a2200337 4500
001 ABS52435
008 090401t1995 xxu||||| |||| 00| 0 eng d
035 _a(Sirsi) u77871
041 _aeng
100 _aRidout, G.
245 _aRights of passage
260 _c1995
350 _a0
490 _aBuilding
_v260(7882) 3 March 1995, 44-45(2)
520 _aGathers responses from builders, disability groups, surveyors and insurers on the proposed amendment of Part M of the Building Regulations: "Access and facilities for disabled people"
650 _aACCESS
650 _aBUILDING REGULATIONS 1991 PART M
650 _aBUILDING REGULATIONS
_96224
650 _aDESIGN
650 _aDISABLED PEOPLE
650 _aDOMESTIC PROPERTY
650 _aDOORS
650 _aGRADIENT
650 _aHANDICAPPED PEOPLE
650 _aPART M
650 _aSOCKETS
650 _aWC
690 _aBUILDING AND CONSTRUCTION-REGULATIONS
942 _n0
948 _c04/03/1997
999 _c48959
_d48959